North American Sports Teams 1980-81 - Statistics

General Stats
  • This quiz has been taken 259 times
    234 since last reset
  • The average score is 93 of 131
Answer Stats
Hint Answer % Correct
Missouri NBA: Kansas City Kings
96%
Illinois NFL: Chicago Bears
95%
Ohio MLB: Cincinnati Reds
95%
Alberta NHL: Edmonton Oilers
94%
Texas NFL: Houston Oilers
94%
California NBA: Los Angeles Lakers
94%
New York NFL: New York Giants
94%
New York NFL: New York Jets
94%
California MLB: San Francisco Giants
94%
Manitoba NHL: Winnipeg Jets
94%
British Columbia CFL: BC Lions
93%
Illinois NBA: Chicago Bulls
93%
Michigan NFL: Detroit Lions
93%
Massachusetts NFL: New England Patriots
93%
Pennsylvania NFL: Pittsburgh Steelers
93%
Massachusetts MLB: Boston Red Sox
92%
Illinois MLB: Chicago Cubs
92%
Illinois MLB: Chicago White Sox
92%
California NHL: Los Angeles Kings
92%
California NFL: Los Angeles Rams
92%
California NFL: Oakland Raiders
92%
Florida NFL: Miami Dolphins
91%
New Jersey NBA: New Jersey Nets
91%
New York MLB: New York Yankees
91%
Pennsylvania NFL: Philadelphia Eagles
91%
Ohio NFL: Cleveland Browns
90%
Michigan MLB: Detroit Tigers
90%
Wisconsin NFL: Green Bay Packers
90%
Indiana NBA: Indiana Pacers
90%
California MLB: Los Angeles Dodgers
90%
Minnesota NFL: Minnesota Vikings
90%
New York NBA: New York Knicks
90%
New York MLB: New York Mets
90%
New York NHL: New York Rangers
90%
California MLB: Oakland Athletics
90%
Arizona NBA: Phoenix Suns
90%
California NFL: San Francisco 49ers
90%
Texas MLB: Texas Rangers
90%
British Columbia NHL: Vancouver Canucks
90%
DC NFL: Washington Redskins
90%
Massachusetts NBA: Boston Celtics
89%
Ohio NFL: Cincinnati Bengals
89%
Texas NFL: Dallas Cowboys
89%
Colorado NFL: Denver Broncos
89%
Louisiana NFL: New Orleans Saints
89%
Pennsylvania NBA: Philadelphia 76ers
89%
Pennsylvania NHL: Pittsburgh Penguins
89%
California NFL: San Diego Chargers
89%
Georgia NFL: Atlanta Falcons
88%
Ohio MLB: Cleveland Indians
88%
Colorado NBA: Denver Nuggets
88%
New York NHL: New York Islanders
88%
Missouri MLB: | Missouri NFL: St. Louis Cardinals
88%
Utah NBA: Utah Jazz
88%
Georgia MLB: Atlanta Braves
87%
Massachusetts NHL: Boston Bruins
87%
Ohio NBA: Cleveland Cavaliers
87%
Pennsylvania MLB: Philadelphia Phillies
87%
California NBA: San Diego Clippers
87%
California MLB: San Diego Padres
87%
Florida NFL: Tampa Bay Buccaneers
87%
Georgia NBA: Atlanta Hawks
86%
Maryland MLB: Baltimore Orioles
86%
California MLB: California Angels
86%
Illinois NHL: Chicago Blackhawks
86%
Minnesota MLB: Minnesota Twins
86%
Pennsylvania MLB: Pittsburgh Pirates
86%
Oregon NBA: Portland Trailblazers
86%
Texas NBA: San Antonio Spurs
86%
Washington NFL: Seattle Seahawks
86%
Ontario MLB: Toronto Blue Jays
86%
Ontario NHL: Toronto Maple Leafs
86%
Texas NBA: Dallas Mavericks
85%
Michigan NBA: Detroit Pistons
85%
Michigan NHL: Detroit Red Wings
85%
California NBA: Golden State Warriors
85%
Wisconsin NBA: Milwaukee Bucks
85%
Quebec NHL: Montreal Canadiens
85%
DC NHL: Washington Capitals
85%
Missouri NFL: Kansas City Chiefs
84%
Alberta NHL: Calgary Flames
83%
Texas NBA: Houston Rockets
83%
Wisconsin MLB: Milwaukee Brewers
83%
New York NFL: Buffalo Bills
82%
Missouri MLB: Kansas City Royals
82%
Georgia NASL: Atlanta Chiefs
81%
Maryland NFL: Baltimore Colts
81%
Texas MLB: Houston Astros
81%
Pennsylvania NHL: Philadelphia Flyers
81%
Washington MLB: Seattle Mariners
80%
Missouri NHL: St. Louis Blues
80%
Washington NBA: Seattle SuperSonics
79%
Quebec MLB: Montreal Expos
75%
New York NHL: Buffalo Sabres
74%
Connecticut NHL: Hartford Whalers
72%
DC NBA: Washington Bullets
71%
Minnesota NHL: Minnesota North Stars
65%
Quebec NHL: Quebec Nordiques
59%
Colorado NHL: Colorado Rockies
56%
Ontario CFL: Ottawa Rough Riders
46%
Saskatchewan CFL: Saskatchewan Roughriders
46%
Ontario CFL: Toronto Argonauts
43%
Alberta CFL: Edmonton Eskimos
35%
Quebec CFL: Montreal Alouettes
33%
New York NASL: New York Cosmos
33%
Alberta CFL: Calgary Stampeders
32%
Ontario CFL: Hamilton Tiger-Cats
31%
Washington NASL: Seattle Sounders
31%
British Columbia NASL: Vancouver Whitecaps
31%
Manitoba CFL: Winnipeg Blue Bombers
31%
Oregon NASL: Portland Timbers
26%
California NASL: San Jose Earthquakes
19%
Texas NASL: Houston Hurricane
17%
Florida NASL: Tampa Bay Rowdies
16%
Oklahoma NASL: Tulsa Roughnecks
12%
Illinois NASL: Chicago Sting
11%
Minnesota NASL: Minnesota Kicks
11%
Florida NASL: Fort Lauderdale Strikers
10%
California NASL: Los Angeles Aztecs
10%
Ontario NASL: Toronto Blizzard
9%
DC NASL: Washington Diplomats
9%
Texas NASL: Dallas Tornado
8%
California NASL: San Diego Sockers
8%
California NASL: California Surf
6%
Alberta NASL: Edmonton Drillers
6%
Massachusetts NASL: New England Tea Men
6%
New York NASL: Rochester Lancers
6%
Tennessee NASL: Memphis Rogues
5%
Michigan NASL: Detroit Express
4%
Pennsylvania NASL: Philadelphia Fury
4%
No matching quizzes found
Score Distribution
Percent of People with Each Score
Percentile by Number Answered
Your Score History
You have not taken this quiz since the last reset